Snahy o řešení finanční a ekonomické krize
Americký pohľad na svetovú ekonomickú krízu. Návrat k normálnemu stavu v nedohľadne. Globálne adekvátne riešenia. Medzinárodné dôsledky krízy. Malý vplyv krízy na Čínu. Užšie vzťahy medzi USA a Čínou. Vážnejšie dopady v rozvojovom svete. Miznúci sen o globálnom kapitalizme voľného trhu.
Salvato in:
| Natura: | Capitolo di libro |
|---|---|
| Lingua: | ceco |
| Soggetti: | |
| Tags: |
Nessun Tag, puoi essere il primo ad aggiungerne!!
|
MARC
| LEADER | 00000naa$a2200000$$$4500 | ||
|---|---|---|---|
| 001 | 0096727 | ||
| 005 | 20231129092554.2 | ||
| 041 | 0 | |a cze | |
| 044 | |a CZ | ||
| 245 | 1 | 0 | |a Snahy o řešení finanční a ekonomické krize |
| 520 | |a Americký pohľad na svetovú ekonomickú krízu. Návrat k normálnemu stavu v nedohľadne. Globálne adekvátne riešenia. Medzinárodné dôsledky krízy. Malý vplyv krízy na Čínu. Užšie vzťahy medzi USA a Čínou. Vážnejšie dopady v rozvojovom svete. Miznúci sen o globálnom kapitalizme voľného trhu. | ||
| 610 | 2 | 0 | |a kríza finančná |
| 610 | 2 | 0 | |a kríza hospodárska |
| 610 | 2 | 0 | |a bankovníctvo |
| 610 | 2 | 0 | |a banky centrálne |
| 610 | 2 | 0 | |a úver bankový |
| 610 | 2 | 0 | |a intervencionizmus štátny |
| 610 | 2 | 0 | |a trh svetový |
| 610 | 2 | 0 | |a trh voľný |
| 610 | 2 | 0 | |a globalizácia |
| 610 | 2 | 0 | |a USA |
| 610 | 2 | 0 | |a Čína |
| 610 | 2 | 0 | |a krajiny rozvojové |